000 00792cam a22002411 4500
001 ne 68002562
003 DLC
005 20260227111844.0
008 900823s1966 ir abc b 000 0 perr
010 _ane 68002562
035 _a(OCoLC)22268312
040 _aDLC
_cWaU
_dDLC
043 _aa-ir---
050 0 0 _aDS324.G67
_bM82
100 1 _aMuʻīnī, Asad Allāh.
245 1 0 _aJughrāfiyā va jughrāfiyā-yi tārīkhī-i Gurgān va Dasht,
_bṭabīʻī, tārīkhī, sīyāsī, adabī.
_cTaʼlīf Asad Allāh Muʻīnī.
260 _a[Tihrān]
_bTabʻi Kitāb,
_c1344 [1966]
300 _a17, 428 p.
_billus., maps., ports.
_c25 cm.
504 _aBibliography: p. 7-8 (1st group)
651 0 _aGurgān (Gulistān, Iran)
651 0 _aDasht-e Gorgān.
740 0 _aGurgān va Dasht.
999 _c50559
_d50559